Welcome to University of Cape Coast Library, Online Public Access Catalogue (OPAC)

Organic chemistry / (Record no. 19652)

MARC details
000 -LEADER
fixed length control field 00878cam a2200265 a 4500
001 - CONTROL NUMBER
control field 12648459
005 - DATE AND TIME OF LATEST TRANSACTION
control field 20220304135243.0
008 - FIXED-LENGTH DATA ELEMENTS--GENERAL INFORMATION
fixed length control field 020117s2003 maua 001 0 eng
010 ## - LIBRARY OF CONGRESS CONTROL NUMBER
LC control number 2002016637
020 ## - INTERNATIONAL STANDARD BOOK NUMBER
International Standard Book Number 0072424583 (acidfree paper)
020 ## - INTERNATIONAL STANDARD BOOK NUMBER
International Standard Book Number 0071151486 (ISE : acidfree paper)
040 ## - CATALOGING SOURCE
Original cataloging agency DLC
Transcribing agency DLC
Modifying agency DLC
050 00 - LIBRARY OF CONGRESS CALL NUMBER
Classification number QD251.3
Item number .C37 2003
082 00 - DEWEY DECIMAL CLASSIFICATION NUMBER
Classification number 547
Edition number 21
100 1# - MAIN ENTRY--PERSONAL NAME
Personal name Carey, Francis A.,
Dates associated with a name 1937-
9 (RLIN) 15103
245 10 - TITLE STATEMENT
Title Organic chemistry /
Statement of responsibility, etc. Francis A. Carey.
250 ## - EDITION STATEMENT
Edition statement 5th ed.
260 ## - PUBLICATION, DISTRIBUTION, ETC.
Place of publication, distribution, etc. Boston :
Name of publisher, distributor, etc. McGraw-Hill,
Date of publication, distribution, etc. c2003.
300 ## - PHYSICAL DESCRIPTION
Extent 1 v. (various pagings) :
Other physical details ill. (some col.) ;
Dimensions 26 cm.
500 ## - GENERAL NOTE
General note Includes index.
650 #0 - SUBJECT ADDED ENTRY--TOPICAL TERM
Topical term or geographic name entry element Chemistry, Organic.
9 (RLIN) 1382
906 ## - LOCAL DATA ELEMENT F, LDF (RLIN)
a 7
b cbc
c orignew
d 1
e ocip
f 20
g y-gencatlg
942 ## - ADDED ENTRY ELEMENTS (KOHA)
Koha item type Books
Holdings
Lost status Collection code Home library Shelving location Date acquired Total Checkouts Total Renewals Full call number Barcode Date last seen Date last checked out Koha item type
  Open UCC Main Library   01/24/2018 13 5 QD251.3.C18 30261101622027 07/08/2025 06/24/2025 Books
  Open UCC Main Library   01/24/2018 10   QD251.3.C18 30261101622019 03/19/2024 10/10/2022 Books
  Open UCC Main Library   01/24/2018 6 1 QD251.3.C18 30261101622001 07/30/2024 07/16/2024 Books
  Open UCC Main Library   01/24/2018 8 2 QD251.3.C18 30261101621995 10/01/2021 09/23/2021 Books
Koha©2022 UCC.All Right Reserved.Site Developed by Sam Jonah Library IT Team
<Home | Contact | Library publications |Research Tools | Research Guides |https://ucclivechat.library-gh.net/index.php/chat

If you have questions or concern please contact the Library.



PMB, University of Cape Coast

KOHA HOME